Zamyslenie sa nad problémami kresťanského vyučovania a pôsobenia v cirkevných školách

Podrobná bibliografia
Hlavný autor: Gažík, Peter, 1952- (Autor)
Médium: Článok
Jazyk:slovenčina
Predmet:

MARC

LEADER 00000nab a2200000 a 4500
001 vtls000661888
003 SK-MaSNL
005 20260304100034.0
008 250425c1998 xo 0 slo
015 |a SNBRB1998/06-16852 
035 |a CLN000014077 
035 |a urn:nbn:sk:snk-abeq35 
035 |a (urnnbn)urn:nbn:sk:snk:ar-a08tt4 
035 |a (uuid)fd07e9dc-f859-4e7d-bec9-7bf776530f40 
040 |a SNKBUCL  |b slo  |c SNKBUCL  |e AACR2 
041 0 |a slo 
044 |a xo  |c SK 
080 |a 261.5  |2 1997 
100 1 |a Gažík, Peter,  |d 1952-  |4 aut  |9 115621 
245 1 0 |a Zamyslenie sa nad problémami kresťanského vyučovania a pôsobenia v cirkevných školách  |c Peter Gažík 
500 |a Dokončenie 
650 0 7 |a náboženská výchova  |2 snkbucl  |9 67239 
655 7 |a články z novín a časopisov  |2 snkbucl  |9 267496 
773 0 |t Cirkevné listy  |g Roč. 111, č. 6 (1998)  |g Č. 5 (1996), s. 34-35 
773 0 |t [Príl.] Evanjelické školy  |g Roč. 111, č. 6 (1998)  |g Č. 5 (1996), s. 34-35 
850 |a Slovenská národná knižnica 
852 |a Slovenská národná knižnica 
954 |a odborná, vedecká literatúra pôvodná (slovenská)  |2 lita 
958 |a article27 
958 |a OND 
958 |a EUIPO 
992 |a RBX 
999 |c 2835549  |d 2837479